<?xml version="1.0" encoding="UTF-8"?>
<record
    xmlns:xsi="http://www.w3.org/2001/XMLSchema-instance"
    xsi:schemaLocation="http://www.loc.gov/MARC21/slim http://www.loc.gov/standards/marcxml/schema/MARC21slim.xsd"
    xmlns="http://www.loc.gov/MARC21/slim">

  <leader>02569nam a2200289 a 4500</leader>
  <controlfield tag="003">OSt</controlfield>
  <controlfield tag="005">20260209145603.0</controlfield>
  <controlfield tag="007">cr ||||||a|c|a</controlfield>
  <controlfield tag="008">230525s2019    mx a|||fom||| 001 0 spa d</controlfield>
  <datafield tag="040" ind1=" " ind2=" ">
    <subfield code="e">rda</subfield>
  </datafield>
  <datafield tag="100" ind1="1" ind2=" ">
    <subfield code="9">187188</subfield>
    <subfield code="a">Oltehua Vazquez, Marisol</subfield>
  </datafield>
  <datafield tag="245" ind1="1" ind2="0">
    <subfield code="a">Susceptibilidad de Fusarium oxysporum f.sp. cubense causante del mal de Panam&#xE1; en pl&#xE1;tano manzano (Musa SP., ABB) a aceites esenciales /</subfield>
    <subfield code="c">por Marisol Oltehua Vazquez; director de tesis Luciano Mart&#xED;nez Bola&#xF1;os.</subfield>
  </datafield>
  <datafield tag="264" ind1=" " ind2="1">
    <subfield code="a">Tabasco, M&#xE9;xico :</subfield>
    <subfield code="b">El autor,</subfield>
    <subfield code="c">2019.</subfield>
  </datafield>
  <datafield tag="300" ind1=" " ind2=" ">
    <subfield code="a">1 recurso en l&#xED;nea (72 p&#xE1;ginas):</subfield>
    <subfield code="b">cuadros, figuras.</subfield>
  </datafield>
  <datafield tag="336" ind1=" " ind2=" ">
    <subfield code="2">rdacontent</subfield>
    <subfield code="a">texto</subfield>
    <subfield code="b">txt</subfield>
  </datafield>
  <datafield tag="337" ind1=" " ind2=" ">
    <subfield code="2">rdamedia</subfield>
    <subfield code="a">computadora</subfield>
    <subfield code="b">c</subfield>
  </datafield>
  <datafield tag="338" ind1=" " ind2=" ">
    <subfield code="2">rdacarrier</subfield>
    <subfield code="a">recurso en l&#xED;nea</subfield>
    <subfield code="b">cr</subfield>
  </datafield>
  <datafield tag="502" ind1=" " ind2=" ">
    <subfield code="b">IAEZT</subfield>
    <subfield code="c">URUSSE</subfield>
    <subfield code="d">2019.</subfield>
    <subfield code="g">LIC</subfield>
  </datafield>
  <datafield tag="504" ind1=" " ind2=" ">
    <subfield code="a">Incluye referencias bibliogr&#xE1;ficas: p&#xE1;ginas 60-61.</subfield>
  </datafield>
  <datafield tag="520" ind1=" " ind2=" ">
    <subfield code="a">El Mal del Panam&#xE1; causado por Fusarium oxysporum f.sp. cubense (FOC) es una de las enfermedades m&#xE1;s destructivas que afectan a los pl&#xE1;tanos y bananos en el mundo (Ploetz 2000; Stove 1962). El pat&#xF3;geno infecta al sistema radicular de las plantas, y posteriormente, coloniza el sistema vascular del rizoma y del pseudotallo. Se evalu&#xF3; el efecto in vitro de bioaceites esenciales en el crecimiento micelial de FOC, posteriormente, se determin&#xF3; su efectividad en el control de la enfermedad en vitroplantas de pl&#xE1;tano manzano (Musa SP., ABB) inoculadas previamente con FOC. Se realiz&#xF3; un an&#xE1;lisis de varianza de los resultados y comparaciones de medias de los tratamientos (Duncan, p&#x2264; 0.05%). En las pruebas in vitro el aceite esencial de P. dioica y O. vulgare inhibieron el crecimiento miceliar del hongo; mientras que el aceite esencial de Eucalyptus urograndis, Piper auritum y Foeniculum vulgare a concentraciones de 1000, 3000 y 5000 &#x3BC;l L-1 inhibieron el crecimiento de FOC por 30 d&#xED;as. Para la fase in vivo los aceites esenciales que inhibieron el desarrollo de FOC en pl&#xE1;tano manzano fueron los de O. vulgare y Foeniculum vulgare. Los resultados del presente estudio abren una perspectiva para el desarrollo de un programa de manejo integral sostenible de Fusarium en mus&#xE1;ceas.</subfield>
  </datafield>
  <datafield tag="650" ind1=" " ind2="4">
    <subfield code="9">164496</subfield>
    <subfield code="a">Pl&#xE1;tano </subfield>
    <subfield code="x"> enfermedades por hongos</subfield>
  </datafield>
  <datafield tag="650" ind1=" " ind2="4">
    <subfield code="9">131844</subfield>
    <subfield code="a">Aceites esenciales</subfield>
    <subfield code="x">Efecto en hongos fitopat&#xF3;genos</subfield>
  </datafield>
  <datafield tag="650" ind1=" " ind2="4">
    <subfield code="9">130783</subfield>
    <subfield code="a">Fusarium oxysporum</subfield>
    <subfield code="x">Control</subfield>
  </datafield>
  <datafield tag="700" ind1="0" ind2=" ">
    <subfield code="9">71868</subfield>
    <subfield code="a">Mart&#xED;nez Bola&#xF1;os, Luciano</subfield>
    <subfield code="e">Director de tesis.</subfield>
  </datafield>
  <datafield tag="856" ind1=" " ind2=" ">
    <subfield code="u">http://10.13.5.2/tesis/tl/Oltehua_Vazquez_Marisol.pdf</subfield>
    <subfield code="z">DESCARGAR PDF</subfield>
  </datafield>
  <datafield tag="942" ind1=" " ind2=" ">
    <subfield code="2">Clasificaci&#xF3;n Universidad Aut&#xF3;noma Chapingo</subfield>
    <subfield code="c">TD</subfield>
  </datafield>
  <datafield tag="999" ind1=" " ind2=" ">
    <subfield code="c">218829</subfield>
    <subfield code="d">218829</subfield>
  </datafield>
  <datafield tag="952" ind1=" " ind2=" ">
    <subfield code="0">0</subfield>
    <subfield code="1">0</subfield>
    <subfield code="2">local</subfield>
    <subfield code="4">0</subfield>
    <subfield code="5">1</subfield>
    <subfield code="7">0</subfield>
    <subfield code="8">TesDigL</subfield>
    <subfield code="a">BD</subfield>
    <subfield code="b">BD</subfield>
    <subfield code="c">E_L</subfield>
    <subfield code="d">2023-05-25</subfield>
    <subfield code="l">0</subfield>
    <subfield code="o">Tesis digital</subfield>
    <subfield code="r">2023-05-25 00:00:00</subfield>
    <subfield code="w">2023-05-25</subfield>
    <subfield code="y">TD</subfield>
  </datafield>
</record>
